000 00421nam a2200181Ia 4500
001 8337
005 20260306160602.0
008 260306t2004||||xx |||||||||||||| ||spa||
041 _aESP
082 _a370.19
_bS56
100 _aSime, Luis
_eAUT
245 0 _aHacia una pedagogía de la convivencia
260 _c2004
300 _a221 páginas :
_ccm.
650 _aGEN
654 _aCED
942 _cLIB
_dJUS
_fJUS
_2ddc
_n
999 _c8337
_d8337